000 00575nam a2200193Ia 4500
003 GCL
008 140319s9999 xx 000 0 ara d
040 _aGCL /
_cGCL
082 0 4 _a811.9
_bث ت
100 1 _aتوفيق صايغ
245 1 0 _aتوفيق صايغ والاعمال الكاملة /
_cتوفيق صايغ
260 _a[S.N] :
_bرياض الريس للكتب والنشر ،
_c1990
300 _a420 ص
490 _a
650 0 4 _aالشعر العربى
650 0 4 _aالادب العربى
650 0 4 _aدواوين وقصائد
942 _2ddc
_cBK
999 _c35143
_d35143